000 00410nam a2200181Ia 4500
005 20250423100428.0
008 250422s9999 xx 000 0 und d
020 _a978-1-85326-018-6
050 _aPR 2829 .M25/
100 _aShakespeare, William
245 0 _aOthello
260 _aLondon
260 _bwordsworth classics
260 _c2001
300 _a172 p
650 _aLiterature
942 _cBK
999 _c33274
_d33274